| 000 | 00683cam a2200241 i 4500 | ||
|---|---|---|---|
| 001 | 18586641 | ||
| 005 | 20170307111227.0 | ||
| 008 | 150422t20162016caua b 001 0 eng d | ||
| 020 | _a9781446294451 | ||
| 020 | _a1446294455 | ||
| 020 | _a1446294447 | ||
| 020 | _a9781446294444 | ||
| 040 | _cPK-LaUMT | ||
| 082 | 0 | 4 |
_a711.4072 _bFAR-R |
| 100 | 1 | _aFarthing, Stuart M. | |
| 245 | 1 | 0 |
_aResearch design in urban planning : _ba student's guide / _cStuart Farthing |
| 260 |
_aLondon : _bSage, _c2016 |
||
| 300 |
_axiv, 221 p. : _billustrations ; _c24 cm |
||
| 650 | 0 |
_aCity planning _xResearch. |
|
| 650 | 7 |
_aCity planning _xResearch. |
|
| 650 | 7 |
_aVilles _xRecherche. |
|
| 942 | _cBK | ||
| 999 |
_c91488 _d91488 |
||